Statistiques concernant Pays du Monde commençant par MON, NIG, PAL, REP

Cliquez ici pour prendre le quiz!

Statistiques générales

  • Ce quiz a été pris 145 fois
  • Le résultat moyen est 7 sur 9

Statistiques - réponses

Answer % Correct
Niger
100%
Nigeria
99%
Mongolie
89%
Palaos
81%
Monténégro
78%
Monaco
75%
République Dominicaine
75%
Palestine
65%
République Centrafricaine
63%

Distribution des résultats

Percentile par nombre de réponses

% des personnes avec chaque résultat

Votre développement - résultats

Vous n’avez pas pris ce quiz